000 00292nam a22001337a 4500
008 180122b xxu||||| |||| 00| 0 eng d
020 _a0735535132
041 _aeng
080 _a34
100 _a14
101 _aJUR
245 _aTorts cases and materials
_cTwerski,A.D
942 _2udc
_cBK
999 _c40642
_d40642